Kraina lodu quiz - Statystyki

Ogólne statystyki
  • Ten quiz został rozwiązany 70 razy
  • Średni wynik to 7 z 9
Statystyki odpowiedzi
Zagadnienie Odpowiedź % Poprawnych
Jak nazywa się młodsza siostra Elsy Anna
97%
Olaf był Bałwanem
97%
Do kogo zgłosili się po tym rodzice dziewczyn Do trolli
97%
Jak zginęli rodzice dziewczyn Ich statek zatonął
97%
Gdzie mieszka Elsa razem z siostrą Arendelle
93%
Jaką moc ma Elsa Lód
93%
W co dostała Anna mocą Elsy zamku Serce
87%
Gdzie za pierwszym razem razem Elsa uraziła siostrę W głowę
73%
W co zamieniła się Anna W ropuchę
3%
Nie znaleziono quizów pasujących do podanych kryteriów
Rozkład punktacji
Procent ludzi z każdym wynikiem
Percentyl według liczby udzielonych odpowiedzi
Twoja historia wyników
Nie rozwiązałeś tego quizu